000 01546nam a2200373Ia 4500
001 ebr10112602
003 CaPaEBR
006 m u
007 cr cn|||||||||
008 040811s2003 xxua sb 001 0 eng d
010 _z 2004556714
020 _z0738453110
040 _aCaPaEBR
_cCaPaEBR
035 _a(OCoLC)137342186
050 1 4 _aQA76.9.D5
_bI54 2003eb
082 0 4 _a004/.36
_222
245 0 0 _aIntegrating IBM Tivoli Workload Scheduler and Content Manager OnDemand to provide centralized job log processing
_h[electronic resource] /
_c[Vasfi Gucer ... et al.].
250 _a1st ed.
260 _a[S.l.] :
_bIBM, International Technical Support Organization,
_cc2003.
300 _axviii, 254 p. :
_bill.
490 1 _aIBM redbooks
500 _a"October 2003."
504 _aIncludes bibliographical references and index.
533 _aElectronic reproduction.
_bPalo Alto, Calif. :
_cebrary,
_d2009.
_nAvailable via World Wide Web.
_nAccess may be limited to ebrary affiliated libraries.
630 0 0 _aIBM Tivoli workload scheduler.
650 0 _aElectronic data processing
_xDistributed processing.
650 0 _aProduction scheduling.
655 7 _aElectronic books.
_2local
700 1 _aGucer, Vasfi.
710 2 _aInternational Business Machines Corporation.
_bInternational Technical Support Organization.
710 2 _aebrary, Inc.
830 0 _aIBM redbooks.
856 4 0 _uhttp://site.ebrary.com/lib/rucke/Doc?id=10112602
_zAn electronic book accessible through the World Wide Web; click to view
999 _c211098
_d211098